Прямое получение нанодисперсных порошков и композиций в гиперскоростной струе электроразрядной плазмы; Новые материалы. Создание, структура, свойства-2009

Bibliografiske detaljer
Parent link:Новые материалы. Создание, структура, свойства-2009.— 2009.— С. 275-279
Hovedforfatter: Евдокимов А. А. Андрей Анатольевич
Andre forfattere: Сайгаш А. С. Анастасия Сергеевна, Пак А. Я. Александр Яковлевич
Sprog:russisk
Udgivet: 2009
Fag:
Format: MixedMaterials Book Chapter
KOHA link:https://koha.lib.tpu.ru/cgi-bin/koha/opac-detail.pl?biblionumber=194905

MARC

LEADER 00000naa2a2200000 4500
001 194905
005 20240407064712.0
035 |a (RuTPU)RU\TPU\book\212582 
090 |a 194905 
100 |a 20110426d2009 k y0rusy50 ca 
101 0 |a rus 
102 |a RU 
200 1 |a Прямое получение нанодисперсных порошков и композиций в гиперскоростной струе электроразрядной плазмы  |f А. А. Евдокимов, А. С. Сайгаш, А. Я. Пак 
320 |a Библиогр.: 5 назв. 
463 0 |0 (RuTPU)RU\TPU\book\72093  |t Новые материалы. Создание, структура, свойства-2009  |o всероссийская конференция с элементами научной школы для молодежи, Томск, 8-11 сентября 2009 г.  |o труды   |f Томский политехнический университет (ТПУ)  |v С. 275-279  |d 2009  |p 308 с. 
610 1 |a нанодисперсные порошки 
610 1 |a получение 
610 1 |a композиции 
610 1 |a электроразрядная плазма 
610 1 |a труды учёных ТПУ 
700 1 |a Евдокимов  |b А. А.  |c специалист в области электроснабжения промышленных предприятий  |c инженер-проектировщик Томского политехнического университета  |g Андрей Анатольевич  |3 (RuTPU)RU\TPU\pers\27065 
701 1 |a Сайгаш  |b А. С.  |c специалист в области электроэнергетики  |c доцент Томского политехнического университета, кандидат технических наук  |f 1981-  |g Анастасия Сергеевна  |3 (RuTPU)RU\TPU\pers\27720  |9 12794 
701 1 |a Пак  |b А. Я.  |c специалист в области электротехники  |c профессор Томского политехнического университета, доктор технических наук  |f 1986-  |g Александр Яковлевич  |y Томск  |3 (RuTPU)RU\TPU\pers\30051  |9 14481 
801 1 |a RU  |b 63413507  |c 20110426 
801 2 |a RU  |b 63413507  |c 20140428  |g RCR 
942 |c BK